000 03199cam a22004697a 4500
001 17234787
005 20170105102856.0
008 120330s2011 nyua 000 0 eng d
010 _a 2011277416
020 _a9781250006356
020 _a125000635X
035 _a(OCoLC)ocn733234790
040 _aBTCTA
_beng
_cBTCTA
_dFN4
_dGZF
_dIEB
_dSRC
_dJTH
_dYDXCP
_dORX
_dILC
_dSNM
_dVP@
_dIHZ
_dHQC
_dDEBBG
_dBWX
_dBDX
_dDLC
042 _alccopycat
043 _aa-pk---
050 0 0 _aHV6430.B55
_bP43 2011
082 0 4 _a958.104/6
_223
084 _a8
_2ssgn
100 1 _aPfarrer, Chuck.
245 1 0 _aSEAL target Geronimo :
_bthe inside story of the mission to kill Osama Bin Laden /
_cChuck Pfarrer.
250 _a1st ed.
260 _aNew York :
_bSt. Martin's Press,
_c2011.
300 _ax, 225 p. :
_bill. ;
_c25 cm.
505 0 _aNeptune's spear: the bigger picture -- Abbottabad: May 1, 2011: late that night -- The SEAL road to Abbottabad -- Men with green faces -- An invisible empire: the birth of the Joint Special Operations Command -- Team Jedi -- Going solo -- Maersk Alabama -- Bin Laden's road to Abbottabad -- The day the world changed: September 11, 2001 -- Rich kid -- Learning to hate -- The making of a jihadi -- Hero of the lion's den -- The Emir -- Weapons of mass denial -- Neptune's spear -- Continue to plan, plan to continue -- The man without a country -- Neptune's spear -- Thirty-eight minutes -- What came after -- How this book was written.
520 _aOn May 2, 2011, at 1:03 a.m. in Pakistan, a satellite uplink was sent from the town of Abbottabad crackling into the situation room of the White House in Washington, D.C.: "Geronimo, Echo, KIA." These words, spoken by a Navy SEAL, put paid to Osama bin Laden's three-decade-long career of terror. SEAL Target Geronimo is the story of Bin Laden's relentless hunters and how they took down the terrorist mastermind, told by Chuck Pfarrer, a former assault element commander of SEAL Team Six and author of the bestselling Warrior Soul: The Memoir of a Navy SEAL. After talking to members of the SEAL team involved in the raid, Pfarrer shares never-before-revealed details of the historic raid and the men who planned and conducted it in an exclusive boots-on-the-ground account of what happened during each minute of the mission--both inside the building and outside.
600 1 0 _aBin Laden, Osama,
_d1957-2011
_xDeath and burial.
600 1 7 _aBin Laden, Osama,
_d1957-2011
_xAssassination.
_2sears
610 1 0 _aUnited States.
_bNavy.
_bSEALs.
610 2 0 _aQaida (Organization)
610 1 7 _aUnited States.
_bNavy.
_bSEALs
_xHistory.
_2sears
650 0 _aJihad.
650 0 _aTerrorists.
650 0 _aTerrorism.
650 0 _aWar on Terrorism, 2001-2009.
650 0 _aIslamic fundamentalism.
651 0 _aAbbottābād (Pakistan)
856 4 2 _3Contributor biographical information
_uhttp://www.loc.gov/catdir/enhancements/fy1210/2011277416-b.html
856 4 2 _3Publisher description
_uhttp://www.loc.gov/catdir/enhancements/fy1210/2011277416-d.html
906 _a7
_bcbc
_ccopycat
_d2
_encip
_f20
_gy-gencatlg
942 _2ddc
_cBK
999 _c14481
_d14481